LEADER 01454nam a2200325 u 4500 001 000000019287 003 CaOOAMICUS 005 20100915094433.0 008 950208s1975 fr u000 u lat u 035 $a10463695 040 $aEFR$bita$dPUL(R) 041 1 $alat$afre 082 04$a870 100 1 $aAurelius Victor, Sextus,$dsec. IV.$0(OLS)http://pul/name/16946 240 10$aHistoriae abbreviatae$9(Aurelius Victor, Sextus, sec. IV).$lFrancese e Latino.$0(OLS)http://pul/title/27318 245 10$aLivre des Césars /$cAurelius Victor ; texte établi et traduit par Pierre Dufraigne. 260 $aParis :$bBelles lettres,$c1975. 300 $alxiii, 213 p. ;$c21 cm 490 1 $aCollection des universités de France 500 $aLatin and French on opposite pages with repeated pagination. 700 1 $aDufraigne, Pierre.$0(OLS)http://pul/name/16947 830 0$aCollection des universités de France.$0(OLS)http://pul/title/1172 850 $aPUL 852 $aPUL$W1$xSL Cons. Gen., Altre Classi 3$y75$m870 COLL 2.AUR.1$j27137$nBK-PRI$qDDC 21$B27137$CPULBib$Z2$F27137 $H79967 $82 900 $aSesto Aurelio Vittore,$dsec. IV$916946 900 $aVictor, Sextus Aurelius,$d sec. IV$916946 941 1 $a9 996 $6082$a870$9(OLS)http://pul/classification/727 996 $6245$aLivre des Césars$9(OLS)http://pul/title/27319 996 $6260$aParis :$bBelles lettres$9(OLS)http://pul/publisher/47852 LEADER 02045nam a2200421 u 4500 001 000000062475 003 CaOOAMICUS 005 20070226121134.0 008 011001s1995 it u000 u ita u 020 $a8839605657 035 $a10904798 040 $aPUL(R)$bita$dPUL 041 1 $aita$hfre 100 1 $aLaurentin, André.$0(OLS)http://pul/name/42562 240 10$aCatéchuménat. Données de l'histoire et perspectives nouvelles.$lItaliano.$0(OLS)http://pul/title/83357 245 13$aIl catecumenato :$bfonti neotestamentarie e patristiche : la riforma del Vaticano II /$cAndré Laurentin, Michel Dujarier ; edizione italiana a cura di Gerardo Di Nola. 260 $aRoma :$bDehoniane,$cc1995. 300 $a516 p. ;$c21 cm 490 1 $aContributi teologici 500 $aContiene indice. 504 $aBibliografia: p.423-441. 611 24$aConcilium Vaticanum$n(2 :$d1962-1965).$0(OLS)http://pul/subject/71 650 4$aCatecumeni.$0(OLS)http://pul/subject/16540 700 1 $aDi Nola, Gerardo.$0(OLS)http://pul/name/5673 700 1 $aDujarier, Michel.$0(OLS)http://pul/name/26185 830 0$aContributi teologici.$0(OLS)http://pul/title/18578 850 $aPUL 852 $aPUL$W1$xSL Religione 1$y3$m67 F 16$j81227$nBK-PRI$b $qStampati$B81227$CPULBib$Z2$F81227 $H $81 852 $aPUL$W1$xSL Religione 2$y84$mRH E3 34$j81228$nBK-PRI$b $qStampati altre collocazioni$B81228$CPULBib$Z2$F81228 $H $81 852 $aPUL$W1$xDP1 Fondo S. Lanza$y121$m3 P 65$j168525$qFondi$B169125$CPULBib$Z2$F169125 $HLan 353 $81 941 1 $a8 941 1 $a10 960 $aConcilio Vaticano II (1962-1965)$971 961 $aINV: 73486 961 $aINV: 87315 996 $6020$a8839605657$9(OLS)http://pul/number/81036 996 $6245$aIl catecumenato :$bfonti neotestamentarie e patristiche : la riforma del Vaticano II$9(OLS)http://pul/title/83358 996 $6260$aRoma :$bDehoniane$9(OLS)http://pul/publisher/49074